Szczegóły MARC21

Stan zagospodarowania i kierunki rozwoju portu w Świnoujściu do roku2005.

005 -DATA I CZAS OSTATNIEJ MODYFIKACJI [,]
    • @
    • pole kontrolne
    • 20070315155141.9
040 -Instytucja sporządzająca opis [ , ]
    • a
    • Instytucja, która sporządziła opis (NP)
    • SZCZ U
    • c
    • Instytucja, która sporządziła rekord (NP)
    • SZCZ U
041 -Język dokumentu [0, ]
    • a
    • Język tekstu (P)
    • polski
    • h
    • Język tekstu oryginalnego i/lub pośredniego (P)
    • polski
942 -Rodzaj dokumentu [ , ]
    • c
    • Rodzaj dokumentu
    • Książka
100 -Hasło główne - nazwa osobowa [ , ]
    • a
    • Nazwa osobowa (NP)
    • BERNACKI DARIUSZ
245 -Strefa tytułu i oznaczenia odpowiedzialności [1, ]
    • a
    • Tytuł
    • Stan zagospodarowania i kierunki rozwoju portu w Świnoujściu do roku2005. Find
260 -Strefa adresu wydawniczego [ , ]
    • a
    • Miejsce wydania (P)
    • Gdańsk :
    • b
    • Nazwa wydawcy (P)
    • Wydaw.Inst.Morskiego,
    • c
    • Data wydania (P)
    • 1990.
300 -Strefa opisu fizycznego [ , ]
    • a
    • Określenie formy książki i/lub objętość (NP)
    • V,110 s. :
    • b
    • Oznaczenie ilustracji (NP)
    • [1] k.map :
    • c
    • Format (NP)
    • 24 cm.
490 -Strefa serii i książki wielotomowej - forma nie do wyszukiwania [0, ]
    • a
    • Tytuł (P)
    • (Prace Instytutu Morskiego ; Find
    • v
    • Numeracja (P)
    • nr 707)
500 -Uwaga ogólna [ , ]
    • a
    • Uwaga ogólna (NP)
    • Bibliogr
080 -Uniwersalna Klasyfikacja Dziesiętna [ , ]
    • a
    • Symbol klasyfikacji
    • 627.2/.3(438.252)"313"
980 -Symbol UKD [ , ]
    • a
    • UKD
    • 627.2/.3(438.252)"313"
700 -Hasło dodatkowe - nazwa osobowa [ , ]
    • a
    • Nazwa osobowa (NP)
    • Leśniewski Gabriel Find
700 -Hasło dodatkowe - nazwa osobowa [ , ]
    • a
    • Nazwa osobowa (NP)
    • Salomonowicz Henryk Find
Numer inwentarzowy Status udost. Data inwentaryzacji Lokalizacja
E.59370-21999-02-03BE
S.6988621999-02-03BE
S.6989021999-02-03BE
S.6988721999-02-03BE
S.6988821999-02-03BE
S.6989121999-02-03BE
S.6989221999-02-03BE
S.6989321999-02-03BE
S.6989421999-02-03BE
S.6989521999-02-03BE
S.6989621999-02-03BE
S.6989721999-02-03BE
S.6989821999-02-03BE
S.6990021999-02-03BE
S.6988921999-02-03BE
TS.69899-31999-02-03T